000 00933nam a22002297a 4500
005 20100407153236.0
008 100407t xxu||||| |||| 00| 0 eng d
010 _aENG-95996
020 _a9788131727171
_c225.00
035 _aEN-79529
037 _bDBAD/VEN
040 _aDPL
_bEnglish
082 _a340.11
100 _aBhardwaj, A.P.
245 _aLegal reasoning and legal aptitude for the CLAT/
_cby A.P. Bhardwaj
260 _aDelhi
_bDorling Kindersley (India) Pvt. Ltd. Licensees of Pearson Education
_c2009
270 _a14, Local Shopping Centre, Panchsheel Park
_bDelhi
_e110017
300 _a248p. :
_c24 cm. (pbk)
942 _aDPL
_cEN
_2ddc
_mBHA
_h340.11
999 _c35141
_d35141